00319 2200133 4500001002100000008004100021035002000062245002500082100002100107260001500128082001000143650001200153990002000165INLIS000000000002104 ind  a0010-0824000865 aANGSA YANG BAIK HATI aMB. RAHIMSYAH AR bKARYA JAYA a398.5 aDongeng a4573/BBTIV/2023